Los fichajes más caros del fútbol - Nacidos en 1997 - Estadísticas

Estadísticas generales
  • Esta prueba ha sido intentada 52 veces
  • La puntuación promedio es 7 de 10
Estadísticas de respuestas
Coste (M €) Temporada Nacionalidad Último club Nuevo club Jugador % Correcto
86,00 2019-2020 Países Bajos Ajax FC Barcelona Frenkie de Jong
100%
135,00 2017-2018 Francia Borussia Dortmund FC Barcelona Ousmane Dembélé
100%
63,00 2019-2020 Serbia Eintracht Real Madrid Luka Jović
91%
72,60 2020-2021 Portugal Benfica Manchester City Rúben Dias
80%
58,00 2022-2023 Brasil Everton Tottenham Richarlison
76%
60,00 2023-2024 Francia RB Leipzig Chelsea Christopher Nkunku
70%
55,00 2023-2024 Portugal Wolverhampton Al-Hilal Rúben Neves
65%
60,00 2023-2024 Brasil Zenti Al-Hilal Malcom
63%
58,50 2021-2022 Inglaterra Brighton Arsenal Ben White
50%
55,00 2019-2020 Inglaterra Crystal Palace Manchester United Aaron Wan-Bissaka
48%
No se encontraron pruebas coincidentes
Distribución de puntuación
Porcentaje de gente con cada puntuación
Porcentaje por número respondido
Historial de tus puntuaciones
No has intentado esta prueba.